A most truthful picture and other stories / (Record no. 154268)

MARC details
000 -LEADER
fixed length control field 00536nam a22001817a 4500
005 - DATE AND TIME OF LATEST TRANSACTION
control field 20180718131059.0
010 ## - LCCN (DPL NO)
LC control number A-943642
020 ## - INTERNATIONAL STANDARD BOOK NUMBER
International Standard Book Number 8126005610
035 ## - SYSTEM CONTROL NUMBER
System control number A-943642
037 ## - SOURCE OF ACQUISITION
Source of stock number/acquisition BPPD/PUB
082 ## - DEWEY DECIMAL CLASSIFICATION NUMBER
Classification number S
Edition number BHA
100 ## - MAIN ENTRY--PERSONAL NAME
Personal name Asokamitran
245 ## - TITLE STATEMENT
Title A most truthful picture and other stories /
Statement of responsibility, etc by Asokamitran (translated) et al.
260 ## - PUBLICATION, DISTRIBUTION, ETC. (IMPRINT)
Place of publication, distribution, etc New Delhi
Name of publisher, distributor, etc Sahitya Akademi
Date of publication, distribution, etc 1998
270 ## - ADDRESS
Address Rabindra Bhawan, 35, Ferozeshah Road,
City New Delhi
Postal code 110001
300 ## - PHYSICAL DESCRIPTION
Extent vii, 208p. ;
Dimensions 23 cm(Hb)
942 ## - ADDED ENTRY ELEMENTS (KOHA)
Source of classification or shelving scheme Dewey Decimal Classification
Item type English Books
Call number suffix ASH
Classification part S
Holdings
Withdrawn status Lost status Not for loan Collection code Home library Current library Date acquired Source of acquisition Cost, normal purchase price Full call number Barcode Cost, replacement price Koha item type
      Fiction Shahdara Branch Shahdara Branch 18/07/2018 BPPD/PUB 100.00 S ASH A-943642 100.00 English Books

© Delhi Public Library
Hit Counter
free hit counter